Crime in the suburbs: an in-depth study of why affluent teenagers and adults turn to crime

Saved in:  
Bibliographic Details
Main Author: Loth, David (Author)
Format: Print Book
Language:English
Published: New York Tower Publ. 1970
In:Year: 1970
Availability in Tübingen:Present in Tübingen.
UB: KB 5 A 651
Check availability: HBZ Gateway
Subito Delivery Service: Order now.

MARC

LEADER 00000cam a22000002c 4500
001 1094272639
003 DE-627
005 20220514140915.0
007 tu
008 910524s1970 xx ||||| 00| ||eng c
035 |a (DE-627)1094272639 
035 |a (DE-576)024272639 
035 |a (DE-599)BSZ024272639 
035 |a (OCoLC)311617697 
040 |a DE-627  |b ger  |c DE-627  |e rakwb 
041 |a eng 
100 1 |a Loth, David  |4 aut 
109 |a Loth, David 
245 1 0 |a Crime in the suburbs  |b an in-depth study of why affluent teenagers and adults turn to crime  |c David Loth 
264 1 |a New York  |b Tower Publ.  |c 1970 
300 |a 254 S. 
336 |a Text  |b txt  |2 rdacontent 
337 |a ohne Hilfsmittel zu benutzen  |b n  |2 rdamedia 
338 |a Band  |b nc  |2 rdacarrier 
490 0 |a A Tower book 
583 1 |a Archivierung prüfen  |c 20200919  |f DE-640  |z 2  |2 pdager 
951 |a BO 
ELC |b 1 
LOK |0 000 xxxxxcx a22 zn 4500 
LOK |0 001 2164938119 
LOK |0 003 DE-627 
LOK |0 004 1094272639 
LOK |0 005 20020606000000 
LOK |0 008 910524||||||||||||||||ger||||||| 
LOK |0 040   |a DE-21  |c DE-627  |d DE-21 
LOK |0 852   |a DE-21 
LOK |0 852 1  |c KB 5 A 651  |9 00 
LOK |0 935   |a krim 
LOK |0 936ln  |a k11.1.2.5 
LOK |0 939   |a 24-05-91  |b l01 
ORI |a SA-MARC-krimdoka001.raw 
SIG |a UB: KB 5 A 651